|
|
|
|
| LEADER |
00000nam a2200000 a 4500 |
| 001 |
vtls001301801 |
| 003 |
SK-MaSNL |
| 005 |
20260302070045.0 |
| 008 |
240313s1997 xo a r y slo |
| 015 |
|
|
|a SNBA1997/1203832
|
| 020 |
|
|
|a 8022404764
|
| 035 |
|
|
|a SNK000253829
|
| 035 |
|
|
|a urn:nbn:sk:snk-amkgrb
|
| 035 |
|
|
|a urn:nbn:sk:snk-am002yp8
|
| 035 |
|
|
|a 9076E33F-B28A-4CD9-9E56-B2B5C0E21C67
|
| 040 |
|
|
|a SNK
|b slo
|c SNK
|e AACR2
|
| 041 |
0 |
|
|a slo
|
| 044 |
|
|
|a xo
|c SK
|
| 080 |
|
|
|a 301.173-053.6
|2 1981
|
| 100 |
1 |
|
|a Ondrejkovič, Peter,
|d 1940-2021
|4 aut
|9 206389
|
| 245 |
1 |
0 |
|a Socializácia mládeže ako východisková kategória sociológie výchovy a sociológie mládeže
|b príspevok k riešeniu problémov sociológie výchovy a mládeže
|c Peter Ondrejkovič
|
| 260 |
|
|
|a Bratislava
|b Veda
|c 1997
|
| 300 |
|
|
|a 203 s.
|b sch.
|c 21 cm
|
| 500 |
|
|
|a Súbež. obs. nem.
|
| 504 |
|
|
|a Bibliogr. s. 175-200. Men. reg.
|
| 650 |
0 |
7 |
|a sociológia mládeže
|2 SNKPH
|9 15608
|
| 650 |
0 |
7 |
|a socializácia mládeže
|2 SNKPH
|9 730101
|
| 655 |
|
7 |
|a príručky
|2 SNK
|9 74364
|
| 919 |
|
|
|a 80-224-0476-4
|
| 999 |
|
|
|c 1145288
|d 1147218
|
| 952 |
|
|
|t P60, <09>, [BOOK], {629}
|a SNK
|b SNK
|y NEVYP
|7 0
|o snkC 2125
|i snk4230/970911
|0 0
|1 0
|4 0
|d 1997-09-10
|l 0
|r 2005-01-02 00:00:00
|w 2026-02-24
|
| 952 |
|
|
|t P60, <03>, [BOOK], {603}
|a SNK
|b SNK
|y PREZ
|7 0
|p 17A0088923
|o snkSC 94053
|i snkKSP 9536/97
|0 0
|1 0
|4 0
|d 1997-09-10
|f 1
|l 0
|r 2025-09-11 00:00:00
|w 2026-02-24
|
| 952 |
|
|
|t P60, <04>, [BOOK], {604}
|a SNK
|b SNKPULT
|y VYP
|7 0
|p 17A0088924
|o snkSC 94053 D1
|i snkKSP 9537/97
|0 0
|1 0
|4 0
|d 1997-09-10
|l 2
|m 1
|q 2026-06-17
|r 2026-05-18 14:16:09
|s 2026-05-18
|w 2026-02-24
|